书目信息 |
| 题名: |
悲惨世界
|
|
| 作者: | 雨果, 著 ;王小丽 译 | |
| 分册: | 下册 | |
| 出版信息: | 新疆 伊犁人民出版 2000.11 |
|
| 页数: | 519-1058页 | |
| 开本: | 20cm | |
| 丛书名: | 世界名著百部 | |
| 单 册: | ||
| 中图分类: | I565.44 | |
| 科图分类: | ||
| 主题词: | 长篇小说--法国--近代 | |
| 电子资源: | ||
| ISBN: | 7-5425-0549-1 | |
| 000 | 01031nam 2200265 450 | |
| 001 | 0139927780 | |
| 005 | 20051114155619.28 | |
| 010 | @a7-5425-0549-1@dCNY38.00 (全2册) | |
| 100 | @a20050309d2000 km y0chiy0120 ea | |
| 101 | 2 | @achi@cfre |
| 102 | @aCN@b650000 | |
| 105 | @ay z 000ay | |
| 200 | 1 | @a悲惨世界@Abei can shi jie@h下册@d= Les Miserables@f(法) 雨果著@F(fa)yu guo zhu@g王小丽译@Gwang xiao li yi@zfre |
| 210 | @a新疆@c伊犁人民出版@d2000.11 | |
| 215 | @a519-1058页@d20cm | |
| 225 | 2 | @a世界名著百部@v005 |
| 330 | @a本书讲述了让·瓦让因偷一块面包被判刑,出狱后一次意外事件使他彻底醒悟,从此他乐善好施,帮助了许多穷人,并且感动了对他紧追不舍的警棍雅弗尔,以及他视如己出的一对年轻人;善有善报,他终于在亲情中安详地离开了世界。 | |
| 410 | 0 | @12001 @a世界名著百部 |
| 510 | 1 | @aLes Miserables@zfre |
| 606 | 0 | @a长篇小说@y法国@z近代 |
| 690 | @aI565.44@v4 | |
| 701 | 1 | @a雨果,@Ayu guo,@bV.@g(Hugo, Victor)@4著 |
| 702 | 0 | @a王小丽@Awang xiao li@4译 |
| 801 | 0 | @aCN@bQSSK@c20051114 |
| 905 | @a10447@dI565.44@eY830:2 | |
| 悲惨世界.下册= Les Miserables/(法) 雨果著/王小丽译.-新疆:伊犁人民出版,2000.11 |
| 519-1058页;20cm.-(世界名著百部;005) |
| ISBN 7-5425-0549-1:CNY38.00 (全2册) |
| 本书讲述了让·瓦让因偷一块面包被判刑,出狱后一次意外事件使他彻底醒悟,从此他乐善好施,帮助了许多穷人,并且感动了对他紧追不舍的警棍雅弗尔,以及他视如己出的一对年轻人;善有善报,他终于在亲情中安详地离开了世界。 |
| ● |
| 相关链接 |
|
|
|
正题名:悲惨世界
索取号:I565.44/Y830:2
 
预约/预借
| 序号 | 登录号 | 条形码 | 馆藏地/架位号 | 状态 | 备注 |
| 1 | 575443 | 205754432 | 社科二线422/422社科库 6排1列3层/ [索取号:I565.44/Y830:2] | 在馆 | |
| 2 | 575444 | 205754441 | 社科二线422/422社科库 25排4列6层/ [索取号:I565.44/Y830:2] | 在馆 | |
| 3 | 575445 | 205754450 | 社科二线422/422社科库 21排1列4层/ [索取号:I565.44/Y830:2] | 在馆 |